Normal view MARC view
  • Koshy, Darlie O

Entry Personal Name

Number of records used in: 1

001 - CONTROL NUMBER

  • control field: 2050

003 - CONTROL NUMBER IDENTIFIER

  • control field: OSt

005 - DATE AND TIME OF LATEST TRANSACTION

  • control field: 20160616100526.0

008 - FIXED-LENGTH DATA ELEMENTS

  • fixed length control field: 160616|| aca||aabn | a|a d

040 ## - CATALOGING SOURCE

  • Original cataloging agency: OSt
  • Transcribing agency: OSt

100 ## - HEADING--PERSONAL NAME

  • Personal name: Koshy, Darlie O

670 ## - SOURCE DATA FOUND

  • Source citation: Work cat.: (OSt): Koshy, Darlie O, Gament Exports, 1997